01958nam a2200229 a 450000100100000000500170001000800410002704000250006808200200009311000680011324501340018126000630031530000200037850000730039850509390047165000580141065000660146870000490153404900090158395201190159299900170171100003798520201002031139.0090609s2000 dr 000 0 spa d aDO-SdBNPbspacBNPHU a344.0121bR426t1 aRepública Dominicana.bSecretaría de Estado de Trabajo949110aTarifas de salarios mínimos nacionales aprobadas por el Comité Nacional de Salarios /cprólogo Altagracia Español Yaport. aSanto Domingo :bSecretaría de Estado de Trabajo,c2000. a149 p. ;c21cm. aIncluye referencias bibliográficas y notas al pie de las páginas0 a1. Prólogo --t2. Resolución no. 4-94 de fecha 15/8/94 --t3. Resolución no. 3-98 de fecha 22/5 /98 --t4. Resolución no. 3- 99 de fecha 3/5/99--t5. Resolución no. 5-99 de fecha 26/5/99 --t6. Resolución no. 7-99 de fecha 9/6/99 --t7. Resolución no. 8-99 de fecha 9/16/99 --t8. Resolución no. 2-2000 de fecha 3/4 /2000--t9. Resolución no. 3-2000 de fecha 8/11/2000 --t10. Resolución no. 4-2000 de fecha 29/11/2000 --t11. Resolución no. 2-2001 de fecha 13/2/2001 --t12. Resolución no. 3-2001 de fecha 23/2/2001--t13. Resolución no. 4-2001 de fecha 8/3/2001 --t14. Resolución no. 5-2001 de fecha 8/3/2001--t15. Resolución no. 5-2001 de fecha 15/3/2001 --t16. Resolución no. 7-2001 de fecha 31/5/2001 --t17. Resolución no. 9-2001 de fecha 17/10/2001 --t18. Resolución no. 1-2001 de fecha29/01/2002 --t19. Resumen de las leyes y resoluciones que fijan los salarios mínimos nacionales -- 4aSalariosxLegislaciónzRepública Dominicana93215 4aSalario mínimoxLegislaciónzRepública Dominicana932161 aEspañol Yaport, Altagraciaepról.964395 aBNPD 00107-18PDaPDbPDcOId2013-03-11iLF1l0o344.0121 R426tp37985-10r2020-06-25w2020-06-25yLFPDZNo se presta c37475d37475